000 00514nam a22001697a 4500
005 20251108173131.0
008 250721s2005 xx 000 0 ara d
082 1 4 _a615.8/ بدي
100 1 _aبديع، محمود
245 1 0 _aموسوعة العلاج الطبيعي و المساج /
264 1 _aعمان :
_bدار الإسراء للنشر و التوزيع،
_c2005.
300 _a249ص.
650 1 7 _aالعلاج الطبيعي
650 1 7 _aالتدليك
942 _2ddc
_cBK
999 _c96843
_d96843